Statistics for Top 10 Nigerian PL scorers

Click here to take the quiz!

General Stats

  • This quiz has been taken 48 times
  • The average score is 4 of 10

Answer Stats

HintAnswer% Correct
54Kanu
77%
14Okocha
58%
95Yakubu
53%
17Moses
40%
28Martins
35%
16Ighalo
26%
36Odemwingie
23%
26Anichebe
21%
43Ameobi
12%
52Ekoku
9%

Score Distribution

Percentile by Number Answered

Percent of People with Each Score

Your Score History

You have not taken this quiz